| 000 | 01645nam0a2200337 4500 | ||
|---|---|---|---|
| 001 | RU\NLR\bibl\872132 | ||
| 005 | 20250614162346.0 | ||
| 010 |
_a5-17-024794-X _bООО "Изд-во АСТ" |
||
| 010 |
_a5-9660-0422-6 _bОАО "ЛЮКС" _95000 |
||
| 021 |
_aRU _b2005-45415 _92232 |
||
| 035 | _a(nilc)RSL-KNO-002685518 | ||
| 035 | _a(NLR Aleph) 000860746 | ||
| 090 |
_a1538285 _c1538285 |
||
| 100 | _a20050712d2005 |||y0rusy50 ca | ||
| 101 | 1 |
_arus _ceng |
|
| 102 | _aRU | ||
| 105 | _ay ||||||||| | ||
| 106 | _ar | ||
| 200 | 1 |
_aКорабли времени _e[фантаст. роман] _fСтивен Бакстер _g[пер. с англ. С. Фроленок] |
|
| 210 |
_aМ. _cАСТ _cЛюкс _d2005 _gГУП Чехов. полигр. комб. |
||
| 215 |
_a477, [2] с. _d18 |
||
| 610 | 0 | _aФилологические науки. Художественная литература -- Великобритания -- Английская литература -- с 1945 г. -- Произведения художественной литературы -- Художественная проза -- Романы. Повести. Рассказы -- Фантастические и мистические романы, повести, рассказы. Романы ужасов | |
| 686 |
_aШ5(4Вл)62-644.5 _2rubbk |
||
| 686 | _aШ6(4Вл)67-445{Лх1299-62} | ||
| 700 | 1 |
_4070 _7ca _8rus _aБакстер _bС. _f1957- _gСтивен _9206203 _3RU\NLR\AUTH\770206255 |
|
| 801 | 0 |
_aRU _bRuMoRKP _c20050712 _grcr |
|
| 801 | 1 |
_aRU _bRuMoRGB _c20050712 |
|
| 801 | 2 |
_aRU _bNLR _c20051115 _grcr |
|
| 942 | _cBOOK | ||
| 980 | _aNB | ||